<?xml version="1.0" encoding="UTF-8"?><?xml-stylesheet type="text/xsl" href="static/style.xsl"?><OAI-PMH xmlns="http://www.openarchives.org/OAI/2.0/" xmlns:xsi="http://www.w3.org/2001/XMLSchema-instance" xsi:schemaLocation="http://www.openarchives.org/OAI/2.0/ http://www.openarchives.org/OAI/2.0/OAI-PMH.xsd"><responseDate>2026-04-18T02:20:00Z</responseDate><request verb="GetRecord" identifier="oai:www.recercat.cat:2072/266043" metadataPrefix="marc">https://recercat.cat/oai/request</request><GetRecord><record><header><identifier>oai:recercat.cat:2072/266043</identifier><datestamp>2024-12-11T19:14:58Z</datestamp><setSpec>com_2072_5164</setSpec><setSpec>com_2072_5163</setSpec><setSpec>col_2072_5169</setSpec></header><metadata><record xmlns="http://www.loc.gov/MARC21/slim" xmlns:dcterms="http://purl.org/dc/terms/" xmlns:xsi="http://www.w3.org/2001/XMLSchema-instance" xmlns:doc="http://www.lyncode.com/xoai" xsi:schemaLocation="http://www.loc.gov/MARC21/slim http://www.loc.gov/standards/marcxml/schema/MARC21slim.xsd">
   <leader>00925njm 22002777a 4500</leader>
   <datafield ind2=" " ind1=" " tag="042">
      <subfield code="a">dc</subfield>
   </datafield>
   <datafield ind2=" " ind1=" " tag="720">
      <subfield code="a">Costa García, Fiona</subfield>
      <subfield code="e">author</subfield>
   </datafield>
   <datafield ind2=" " ind1=" " tag="260">
      <subfield code="c">2016-07-06</subfield>
   </datafield>
   <datafield ind2=" " ind1=" " tag="520">
      <subfield code="a">Aquest treball pretén definir el paper de les sèries de televisió en la societat actual i la relació establerta amb uns espectadors que esdevenen en prosumers, alumnes avantatjats capaços d'analitzar i compartir en xarxa opinions, informació addicional i fins i tot exclusiva d'aquest tipus de contingut televisiu que ha sobrepassat la barrera de l’entreteniment. La transmedialitat i la metaficció es converteixen en les eines recurrents per a la creació i distribució d'aquesta generació de sèries, que deixa enrere la supremacia del cinema i arriba a l’èxit aprofitant-se de les possibilitats que ofereix el recent panorama social i tecnològic.</subfield>
   </datafield>
   <datafield ind1="8" ind2=" " tag="024">
      <subfield code="a">http://hdl.handle.net/2072/266043</subfield>
   </datafield>
   <datafield ind2="0" ind1="0" tag="245">
      <subfield code="a">La conquista de la metaficción y el poder del prosumer en el escenario contemporáneo de las series de televisión</subfield>
   </datafield>
</record></metadata></record></GetRecord></OAI-PMH>